[Event "Montreal Vendredi 11B"]
[Site "Montreal"]
[Date "2018.11.30"]
[Round "1"]
[White "Huang, Qiuyu"]
[Black "Cardona, Misael"]
[Result "1/2-1/2"]
[WhiteElo "2236"]
[BlackElo "2200"]
[PlyCount "78"]
[EventDate "2018.11.30"]
[EventType "tourn"]
[EventRounds "3"]
[EventCountry "CAN"]
[SourceTitle "EXT 2022"]
[Source "ChessBase"]
[SourceDate "2021.10.06"]
[SourceVersion "1"]
[SourceVersionDate "2021.10.06"]
[SourceQuality "1"]

1. e4 c5 2. Nf3 d6 3. d4 cxd4 4. Nxd4 Nf6 5. Nc3 e6 6. Bg5 a6 7. Qd2 b5 8. f3 Be7 9. a4 b4 10. Na2 e5 11. Nf5 Bxf5 12. exf5 a5 13. Bb5+ Nbd7 14. Bxf6 gxf6 15. c3 b3 16. Nc1 0-0 17. Nxb3 Nb6 18. 0-0-0 Qc7 19. Qe2 d5 20. Rd3 Kh8 21. Kc2 Rg8 22. g4 Rgc8 23. Re1 Rab8 24. h4 d4 25. Nxd4 Nd5 26. Nc6 Nf4 27. Qe4 Nxd3 28. Qxd3 Rb6 29. Nxa5 Rd6 30. Qc4 Qd8 31. Qxf7 Rd2+ 32. Kc1 Rxb2 33. Kxb2 Qd2+ 34. Kb1 Qxe1+ 35. Ka2 Qd2+ 36. Kb1 Qe1+ 37. Kb2 Qd2+ 38. Kb1 Qd1+ 39. Kb2 Qd2+ 1/2-1/2

[Event "Montreal Vendredi 05"]
[Site "Montreal"]
[Date "2018.05.18"]
[Round "2"]
[White "Cardona, Misael"]
[Black "McDonough, Jonathan"]
[Result "1/2-1/2"]
[WhiteElo "2196"]
[BlackElo "2205"]
[PlyCount "130"]
[EventDate "2018.05.11"]
[EventType "tourn"]
[EventRounds "3"]
[EventCountry "CAN"]
[SourceTitle "EXT 2022"]
[Source "ChessBase"]
[SourceDate "2021.10.06"]
[SourceVersion "1"]
[SourceVersionDate "2021.10.06"]
[SourceQuality "1"]

1. d4 Nf6 2. c4 g6 3. Nc3 d5 4. Nf3 Bg7 5. Bg5 Ne4 6. cxd5 Nxg5 7. Nxg5 e6 8. Qd2 h6 9. Nh3 exd5 10. Nf4 c6 11. e3 0-0 12. Be2 Re8 13. 0-0 Nd7 14. Rfc1 Bf8 15. Bd3 Nf6 16. Qc2 Bd6 17. g3 Qe7 18. Rab1 g5 19. Ng2 Qe6 20. f3 Qh3 21. Nd1 Bc7 22. Nf2 Qe6 23. Re1 Bb6 24. Kh1 Bd7 25. Rbd1 Kg7 26. Qc3 Qd6 27. Bc2 c5 28. dxc5 Qxc5 29. Qxc5 Bxc5 30. Nd3 Bb6 31. Bb3 a5 32. a3 Bh3 33. Nf2 Be6 34. Ba4 Re7 35. Rd3 Rd8 36. Red1 Ba7 37. Rc1 Rc8 38. Rxc8 Bxc8 39. Rc3 Bf5 40. g4 Bg6 41. Nd1 h5 42. h3 hxg4 43. hxg4 d4 44. exd4 Nd5 45. Rc8 Nb6 46. Re8 Rc7 47. Bb3 a4 48. Ba2 Rd7 49. Nc3 Rxd4 50. Re7 Nd7 51. Ne3 Bc5 52. Nf5+ Kf8 53. Nxd4 Kxe7 54. Ndb5 Nb6 55. Nd5+ Nxd5 56. Bxd5 b6 57. Nc3 Kd6 58. Bc4 f5 59. Bd3 fxg4 60. Bxg6 gxf3 61. Be4 g4 62. Bf5 g3 63. Ne4+ Ke5 64. Nxg3 Bd4 65. Bc2 Bxb2 1/2-1/2

[Event "Montreal Vendredi 09"]
[Site "Montreal"]
[Date "2017.09.22"]
[Round "2"]
[White "Tremblay, Alain"]
[Black "Cardona, Misael"]
[Result "1/2-1/2"]
[WhiteElo "2149"]
[BlackElo "2141"]
[PlyCount "54"]
[EventDate "2017.09.15"]
[EventType "tourn"]
[EventRounds "3"]
[EventCountry "CAN"]
[SourceTitle "EXT 2022"]
[Source "ChessBase"]
[SourceDate "2021.10.06"]
[SourceVersion "1"]
[SourceVersionDate "2021.10.06"]
[SourceQuality "1"]

1. e4 c5 2. Nf3 d6 3. d4 cxd4 4. Nxd4 Nf6 5. Nc3 e6 6. Be2 Be7 7. 0-0 a6 8. a4 Qc7 9. f4 0-0 10. Kh1 Nc6 11. Be3 Re8 12. Bf3 Rb8 13. Nxc6 bxc6 14. b3 Bb7 15. a5 c5 16. Qd2 Rbd8 17. Qf2 d5 18. e5 d4 19. Bc1 Bxf3 20. Qxf3 dxc3 21. exf6 Bxf6 22. Be3 Rd5 23. Qe2 Qb7 24. Rfd1 Red8 25. Rxd5 exd5 26. Bxc5 Qc6 27. Bb6 Ra8 1/2-1/2

[Event "McGill op"]
[Site "Montreal"]
[Date "2015.05.02"]
[Round "2"]
[White "Cardona, Misael"]
[Black "Joanis, Marc Andre"]
[Result "1-0"]
[WhiteElo "1991"]
[BlackElo "1793"]
[PlyCount "81"]
[EventDate "2015.05.01"]
[EventType "swiss"]
[EventRounds "5"]
[EventCountry "CAN"]
[SourceTitle "EXT 2019"]
[Source "ChessBase"]
[SourceDate "2018.10.10"]
[SourceVersion "1"]
[SourceVersionDate "2018.10.10"]
[SourceQuality "1"]

1. d4 Nf6 2. c4 e6 3. Nc3 Bb4 4. Qc2 Nc6 5. Nf3 d6 6. e4 Bxc3+ 7. bxc3 0-0 8. e5 dxe5 9. dxe5 Nd7 10. Ba3 Re8 11. Rd1 f6 12. Bd3 f5 13. 0-0 Ncxe5 14. Nxe5 Nxe5 15. Bxf5 Qh4 16. Rd4 Qh5 17. Be4 Ng4 18. h3 Nf6 19. Bf3 Qf7 20. Rfd1 e5 21. Rd8 Be6 22. Rxa8 Rxa8 23. Bxb7 Rb8 24. Qa4 c5 25. Bc6 Qc7 26. Bxc5 Rc8 27. Rd6 Bf5 28. Qxa7 Qxa7 29. Bxa7 Ne4 30. Bxe4 Bxe4 31. c5 Ra8 32. Rd7 Bc6 33. Rc7 Bd5 34. a4 g5 35. a5 h5 36. f3 e4 37. fxe4 Bxe4 38. Re7 Bc6 39. Bb6 Rf8 40. Re5 g4 41. Rxh5 1-0

[Event "McGill op"]
[Site "Montreal"]
[Date "2015.05.02"]
[Round "3"]
[White "Kleinman, Michael"]
[Black "Cardona, Misael"]
[Result "1-0"]
[WhiteElo "2293"]
[BlackElo "1991"]
[PlyCount "93"]
[EventDate "2015.05.01"]
[EventType "swiss"]
[EventRounds "5"]
[EventCountry "CAN"]
[SourceTitle "EXT 2019"]
[Source "ChessBase"]
[SourceDate "2018.10.10"]
[SourceVersion "1"]
[SourceVersionDate "2018.10.10"]
[SourceQuality "1"]

1. e4 e5 2. Nf3 Nc6 3. Bb5 a6 4. Bc4 Nf6 5. 0-0 Be7 6. Re1 b5 7. Bb3 d6 8. c3 0-0 9. h3 Nb8 10. d4 Nbd7 11. Nbd2 Bb7 12. Bc2 Re8 13. Nf1 Bf8 14. Ng3 g6 15. b3 c6 16. Bg5 h6 17. Be3 Qc7 18. Qd2 Kh7 19. a4 Rad8 20. Bd3 d5 21. exd5 e4 22. Bf4 Bd6 23. Bxd6 Qxd6 24. Nxe4 Nxe4 25. Rxe4 Rxe4 26. Bxe4 Nf6 27. Bd3 Qxd5 28. c4 Qd6 29. Re1 Kg7 30. Bc2 Rd7 31. Re5 Qa3 32. Re1 Qd6 33. Qc3 Kg8 34. axb5 axb5 35. Qa5 Kg7 36. Re3 Qf4 37. Qb6 bxc4 38. bxc4 c5 39. g3 Qc7 40. dxc5 Qc8 41. Kh2 Rc7 42. Nd4 Rxc5 43. Ne6+ fxe6 44. Rxe6 Bd5 45. cxd5 Rxc2 46. Re7+ Kg8 47. Qxf6 1-0

[Event "Montreal op"]
[Site "Montreal"]
[Date "2013.09.08"]
[Round "4"]
[White "Sprumont, Oscar"]
[Black "Cardona, Misael"]
[Result "1-0"]
[WhiteElo "1964"]
[BlackElo "2109"]
[PlyCount "109"]
[EventDate "2013.09.06"]
[EventType "swiss"]
[EventRounds "5"]
[EventCountry "CAN"]
[SourceTitle "EXT 2022"]
[Source "ChessBase"]
[SourceDate "2021.10.06"]
[SourceVersion "1"]
[SourceVersionDate "2021.10.06"]
[SourceQuality "1"]

1. Nf3 f5 2. c4 Nf6 3. g3 g6 4. Bg2 Bg7 5. 0-0 d6 6. Nc3 e5 7. d3 0-0 8. b4 h6 9. c5 g5 10. Qb3+ Kh8 11. Ba3 e4 12. Ne1 e3 13. fxe3 Qe8 14. Bc1 Ng4 15. Nc2 Be6 16. Qb2 Nc6 17. d4 d5 18. Bd2 Qh5 19. h3 Nf6 20. Ne1 f4 21. g4 Bxg4 22. hxg4 Nxg4 23. Nf3 fxe3 24. Be1 Nxd4 25. Bg3 Nb5 26. Rac1 c6 27. a4 Nxc3 28. Rxc3 Nf6 29. Rxe3 g4 30. Re5 Ne4 31. Rxh5 Bxb2 32. Be5+ Kh7 33. Nh4 Rxf1+ 34. Bxf1 Bc1 35. Rf5 Ng5 36. Bf4 Bxf4 37. Rxf4 h5 38. Rf5 Rg8 39. Bg2 Rg7 40. Kh2 Kg8 41. Kg3 a5 42. b5 Ne6 43. bxc6 bxc6 44. e4 d4 45. Bf1 Re7 46. Ng6 Re8 47. Bd3 Kg7 48. Nf4 Nxf4 49. Kxf4 Rb8 50. e5 Rb3 51. Ke4 Kh8 52. e6 g3 53. e7 Rb8 54. Kf4 Re8 55. Rf7 1-0

[Event "Montreal McGill op"]
[Site "Montreal"]
[Date "2013.05.05"]
[Round "5"]
[White "Chiku Ratte, Olivier Kenta"]
[Black "Cardona, Misael"]
[Result "1-0"]
[WhiteElo "2222"]
[BlackElo "2096"]
[PlyCount "109"]
[EventDate "2013.05.03"]
[EventType "swiss"]
[EventRounds "5"]
[EventCountry "CAN"]
[SourceTitle "EXT 2014"]
[Source "ChessBase"]
[SourceDate "2013.11.20"]
[SourceVersion "1"]
[SourceVersionDate "2013.11.20"]
[SourceQuality "1"]

1. d4 f5 2. Nc3 Nf6 3. Bg5 d5 4. Bxf6 exf6 5. e3 c6 6. Bd3 Bd6 7. Qf3 g6 8. Nge2 Be6 9. Nf4 Bf7 10. 0-0-0 Qc7 11. h3 Nd7 12. g4 fxg4 13. hxg4 0-0-0 14. Rh3 Nf8 15. Rdh1 Rg8 16. Nfe2 Be7 17. Kb1 Rg7 18. e4 Ne6 19. Qe3 Ng5 20. Rh6 dxe4 21. Nxe4 Nxe4 22. Bxe4 Bg8 23. c3 Kb8 24. Bc2 Bf8 25. R6h3 Re7 26. Qd2 Bd5 27. Re1 Rde8 28. Bd3 b5 29. b3 Ka8 30. Rg3 Re6 31. Rf1 Bd6 32. Re3 Qe7 33. Rxe6 Qxe6 34. g5 fxg5 35. Kb2 Qe7 36. Ng3 Bf4 37. Qd1 Qf6 38. Re1 Rxe1 39. Qxe1 b4 40. Ne4 Qe6 41. cxb4 Kb8 42. f3 h5 43. b5 h4 44. bxc6 Bxc6 45. Qb4+ Kc7 46. Qa5+ Kb8 47. Qb4+ Kc7 48. Bc4 Qd7 49. d5 Bb7 50. Nc5 Qc8 51. Nxb7 Qxb7 52. Qe7+ Kb6 53. d6 Qc6 54. d7 Bc7 55. Qb4+ 1-0

[Event "Quebec-ch classe"]
[Site "Montreal"]
[Date "2013.01.18"]
[Round "1.4"]
[White "MacKinnon, Keith"]
[Black "Cardona, Misael"]
[Result "0-1"]
[WhiteElo "2316"]
[BlackElo "2031"]
[PlyCount "72"]
[EventDate "2013.01.18"]
[EventType "swiss"]
[EventRounds "5"]
[EventCountry "CAN"]
[SourceTitle "EXT 2022"]
[Source "ChessBase"]
[SourceDate "2021.10.06"]
[SourceVersion "1"]
[SourceVersionDate "2021.10.06"]
[SourceQuality "1"]

1. e4 c5 2. Nf3 e6 3. d4 cxd4 4. Nxd4 a6 5. Be2 Nc6 6. Be3 Nf6 7. Nc3 Bb4 8. 0-0 0-0 9. Nxc6 bxc6 10. e5 Nd5 11. Nxd5 cxd5 12. c4 dxc4 13. Bxc4 d5 14. exd6 Bxd6 15. Be2 Bb7 16. Bf3 Bxf3 17. Qxf3 Qb8 18. g3 Qxb2 19. Rad1 Be5 20. Rd2 Qb5 21. Rfd1 Bf6 22. Qe4 Rad8 23. a4 Rxd2 24. Rxd2 Qa5 25. Qc6 h5 26. Rd6 Qe1+ 27. Kg2 Be5 28. Rd7 Qe2 29. Ra7 h4 30. Bc5 Rd8 31. Qxa6 Qe4+ 32. f3 Rd2+ 33. Bf2 Qc2 34. Ra8+ Kh7 35. Qb6 Bd4 36. Rh8+ Kg6 0-1